000 00779nam a2200253 a 4500
001 000025615
003 000025615
005 20170929135829.0
008 110218s2007 dr r 000 0 spa d
020 _a9789945421255
040 _aBPMSU
_bspa
_cBPMSU
082 0 4 _aRD863.44
_bP438d
100 1 _aPérez Viñas, Luisa
245 1 0 _aDe la niebla al sol /
_cLuisa Pérez Viñas.
260 _aSanto Domingo :
_bAmigo del Hogar,
_c2007.
300 _a344 p. ;
_c24 cm.
500 _aIncluye datos biográficos del autor en la solapa
650 _aNOVELA DOMINICANA
650 _aLITERATURA DOMINICANA
910 _aValidado. Control de calidad MFF
942 _2ddc
_cBK
945 _aTítulo remanejado para BNPHU / 2017 VM
956 _aVMATEO
_b10
_c20140716
_lBPMSU
_h0069
999 _c7177
_d7177